000 00353nam a2200157Ia 4500
005 20250423095429.0
008 250422s9999 xx 000 0 und d
020 _a1-84628-030-3
100 _aEsmond
245 0 _aFundamental of Networking in Java
260 _bSpringa
260 _c2006
300 _a381 p
650 _aNetworking
942 _cBK
999 _c30250
_d30250